000 00625nam a2200253Ia 4500
003 OSt
005 20220912151744.0
006 a|||||r|||| 00| 0
007 ta
008 220909b |||||||| |||| 00| 0 eng d
024 _a56802
037 _cTextual
040 _aCSL
_beng
_cCSL
041 _aeng
082 _aJ1, J85 CS
100 _aEvison J R B
245 0 _aGardening for display
260 _aLondon
_bCollingridge
_c1958
300 _a200p.
_ccm.
650 _a Horticulture
650 _aAgriculture
942 _hJ1, J85 CS
_cTEXL
_2CC
999 _c74667
_d74667